000 01314nam a22003737a 4500
001 12399421
003 OSt
005 20210426102106.0
008 010504s2000 nyuacjo b 001 0beng d
010 _a 2001269136
020 _a0465067611
035 _a(OCoLC)ocm45648943
040 _aTLM
_cTLM
_dBRL
_dDLC
_beng
041 _aeng
042 _alccopycat
043 _ae-uk---
050 0 0 _aDA554
_b.H5 2000
080 _a92
_bH-65
082 0 0 _a941.081/092
_aB
_221
100 1 _aHibbert, Christopher,
_d1924-2008.
245 1 0 _aQueen Victoria :
_ba personal history /
_c/ by: Basic Books
260 _aNew York
_bBasic Books
_cc2000.
300 _axviii, 557 p., [32] p. of plates
_bill., geneal. table, photos., ports.
_c25 cm.
504 _aIncludes bibliographical references (p. 523-534) and index.
600 0 0 _aVictoria,
_cQueen of Great Britain,
_d1819-1901.
650 0 _aQueens
_zGreat Britain
_vBiography.
650 0 _aBiography
_9237
651 0 _aGreat Britain
_xHistory
_yVictoria, 1837-1901.
653 _aბიოგრაფია
856 4 2 _3Publisher description
_uhttp://www.loc.gov/catdir/enhancements/fy0832/2001269136-d.html
906 _a7
_bcbc
_ccopycat
_d2
_encip
_f20
_gy-gencatlg
942 _2udc
_cBK
999 _c1241
_d1241